Top 20 Players NBA 2022 - Statistics

General Stats
  • This quiz has been taken 116 times
  • The average score is 19 of 20
Answer Stats
# Hint Answer % Correct
1 Bucks Giannis Antetokounmpo
99%
2 Lakers LeBron James
99%
5 Warriors Stephen Curry
99%
14 Suns Devin Booker
98%
3 Nets Kevin Durant
98%
15 Celtics Jayson Tatum
97%
7 Mavericks Luka Doncic
97%
10 76ers James Harden
95%
9 Grizzlies Ja Morant
95%
4 76ers Joel Embiid
95%
6 Nuggets Nikola Jokic
95%
11 Lakers Anthony Davis
94%
16 Suns Chris Paul
93%
17 Trailblazers Damian Lillard
93%
13 Nets Kyrie Irving
93%
18 Hawks Trae Young
93%
12 Heat Jimmy Butler
92%
8 Clippers Kawhi Leonard
92%
20 Pelicans Zion Williamson
91%
19 Bulls DeMar DeRozan
90%
No matching quizzes found
Score Distribution
Percent of People with Each Score
Percentile by Number Answered
Your Score History
You have not taken this quiz